| 000 | 01361nam a22003617a 4500 | ||
|---|---|---|---|
| 003 | CHAP | ||
| 005 | 20220329134406.0 | ||
| 008 | 971013s1982 r 00010 d | ||
| 010 | _a19837 | ||
| 011 | _a20809 | ||
| 035 | _a24898 | ||
| 040 | _cCHAP | ||
| 090 | _aTesis | ||
| 100 | 0 | 0 |
_aAndrade Melchor, Rosa Laura. _95658 |
| 245 | _aEstudio in vitro de las relaciones antagónicas entre algunos microorganismos del estiércol de bovino y el agente causal de la pudrición texana (Phymatotrichum omnivorum (Shear) Duggar) | ||
| 260 |
_aMonterrey, N.L. : _bEl autor, _c1982 |
||
| 300 | _a70 h | ||
| 502 | _aTesis (M.C. Esp. en Parasitología Agrícola) -- ITESM. División de Ciencias Agropecuarias y Marítimas | ||
| 590 |
_aALEPH _b10 _c20130110 _lUCH01 _h1243 |
||
| 590 |
_aBATCH-UPD _b10 _c20130109 _lUCH01 _h2334 |
||
| 590 |
_aBATCH-UPD _b10 _c20130110 _lUCH01 _h1507 |
||
| 590 |
_aBATCH-UPD _b10 _c20130409 _lUCH01 _h1901 |
||
| 590 |
_aBATCH-UPD _b10 _c20130410 _lUCH01 _h0926 |
||
| 590 |
_aBATCH-UPD _b10 _c20130914 _lUCH01 _h0351 |
||
| 590 |
_aCONVERSION _b10 _c20130109 _lUCH01 _h1312 |
||
| 650 | 1 | 4 |
_aAntagonismo (Microorganismos) _96023 |
| 650 | 1 | 4 |
_aControl biológico de hongos. _927580 |
| 650 | 1 | 4 |
_aEstiércol. _938313 |
| 650 | 1 | 4 |
_aPudrición texana de la raíz. _992868 |
| 901 | _aBK | ||
| 942 | _cTESIS | ||
| 949 |
_bBC _cTES _d-57473 _eTS1 _i24898 _si |
||
| 999 |
_c19837 _d19837 |
||